000 01943nam2a2200325 4500
001 RU\NLR\BIBL_A\022602306
005 20251214193719.0
010 _a978-5-907505-54-4
_9300
035 _a(NLR Aleph) 022602306
090 _a13496355
_c13496355
100 _a20250815d2024 k y0rusy50 ca
101 0 _arus
102 _aRU
105 _aa z 001yy
181 0 _ai3
_baxxe
182 0 _an
200 1 _aПетр Великий в русской литературе. Воспоминания. Оценки. Образ
_fответственный редактор тома: Д. К. Богатырёв
210 _d2024
215 _a623 с.
_cил.
320 _aБиблиогр. в коммент.: с. 562-593 и в подстроч. примеч.
320 _aУказ. имен: с. 594-620
461 0 _1001RU\NLR\BIBL_A\022668783
_12001#$aПетр Великий: pro et contra$eантология$f[Русская христианская гуманитарная академия им. Ф. М. Достоевского]$gсоставитель, [вступительная статья, комментарии]: И. Н. Сухих$vТ. 3
_913498269
_cСанкт-Петербург
_d2024-
_f[Русская христианская гуманитарная академия им. Ф. М. Достоевского]
_nИзд-во Русской христианской гуманитарной академии им. Ф. М. Достоевского
_oантология
_tПетр Великий: pro et contra
_vТ. 3
600 0 _aПетр
_cимператор российский
_dI
_f1672 - 1725
_xв художественной литературе
_92096001
_3RU\NLR\AUTH\661268173
686 2 _aШ6(2=Р)-94
702 1 _aБогатырёв
_bД. К.
_gДмитрий Кириллович
_4340
942 _cBOOK
980 _aNB